Представление документа в формате RUSMARC

ПолеНазваниеЗначение
  Тип записи a
  Библиографический уровень m
001 Контрольный номер a4b73261c3b44c81bef97fd9a6c71352
005 Дата корректировки 20150326100803.5
010 Индекс ISBN __
a ISBN 978-5-8031-0128-4
101 Язык документа 0_
a Язык текста rus
102 Страна публикации __
a Страна публикации RU
200 Заглавие и сведения об ответственности 1_
a Заглавие Внешнеэкономическая деятельность предприятия
b Общее обозначение материала Текст
e Сведения, относящиеся к заглавию учебник для бакалавров
f Первые сведения об ответственности А. В. Шишкин
f Первые сведения об ответственности Л. Ю. Белькевич
210 Выходные данные 1_
a Место издания Энгельс
c Издательство РИЦ ПКИ
d Дата издания 2013
215 Физическое описание __
a Объем 281 с.
610 Ключевые слова 0_
a Ключевые слова учебник
a Ключевые слова внешнеэкономическая деятельность
a Ключевые слова внешнеторговые сделки
a Ключевые слова внешнеэкономическая политика
a Ключевые слова методы государственного регулирования
a Ключевые слова тарифные методы
a Ключевые слова оценка эффективности ВЭД
a Ключевые слова контрагенты
a Ключевые слова ценообразование
a Ключевые слова виды цен
a Ключевые слова контракты
a Ключевые слова таможенный контроль
a Ключевые слова коммерческие переговоры
a Ключевые слова товарные биржи и аукционы
a Ключевые слова производственное кооперирование
a Ключевые слова бакалавриат
686 Индексы других классификаций __
a Классификационный индекс 65.298
2 Код системы rubbk
700 Автор _1
a Фамилия Шишкин
b Имя А. В.
801 Источник записи _0
a Страна RU
b Организация РУК
g Правила каталогизации PSBO
801 Источник записи _1
a Страна RU
b Организация РУК
g Правила каталогизации PSBO
852 Данные о местонахождении __
i Авторский знак Ш 65
j Шифр хранения ББК 65.98
901 Тип документа __
t Тип документа m
937 Технологическая информация __
a Создатель записи (имя) Завалишина
938 Служебная информация __
a Название организации Поволжский филиал
952 Тип литературы __
b Гриф литературы для ВШ гриф УМО
c Вид литературы учебник